000 00850nam a22001937a 4500
999 _c59505
_d59505
003 Ge_BSU
005 20230306143024.0
008 230306s2003 ge ||||| |||| 00| 0 geo d
020 _a999407296X
041 _ageo
080 _a34(479.22)+35 რ-97
100 _aრუხაძე, ზაზა
_9189
245 _aხელისუფლების ორგანიზაციის დემოკრატიზაცია :
_b(აქტუალური პრობლემები) /
_cზაზა რუზაძე; რედაქტორი ვალერი ლორია.
264 _aთბილისი,
_c2003.
300 _a68 გვ.;
_b20 სმ.
653 _aდემოკრატიზაცია
700 _aლორია, ვალერი
_eრედაქტორი
_912576
942 _2udc
_cBK